• 首页
  • 本馆介绍
  • 公告通知
  • 最新文献
  • 馆藏检索
  • 电子资源
  • 读者导购
  • 参考咨询
  • 我的图书馆
  • 登录
  • 详细信息显示
  • 放入我的书架
  • 预约/预借图书
  • 作者相关作品
  • 分类相关作品
  • 丛书相关作品
  • 出版社相关作品

书目信息

  • 表格格式
  • 工作单格式
  • 卡片格式
题名:
怡情的种养
    
 
作者: 李礼 编著
分册:  
出版信息: 广州   广州出版社  1997
页数: 125页
开本: 19cm
丛书名: 百科世界丛书
单 册:
中图分类: S68-49 , S815-49 , S68
科图分类:
主题词: 花卉--栽培--青年读物 , 动物--饲养管理--青年读物
电子资源:
ISBN: 7-80592-710-3
000 00833nam2 2200301 450
001 073000001909
005 20091028162842.22
009 0198051771
010    @a7-80592-710-3@dCNY8.15
100    @a20040224d am y0chiy0121 ea
101 0  @achi
102    @aCN@b440000
105    @ay z 000yy
200 10 @a怡情的种养@Ayi qing de zhong yang@f李礼编著@Fli li bian zhu
210    @a广州@c广州出版社@d1997
215    @a125页@d19cm
225 2  @a百科世界丛书
300 2  @a@h第六辑@v117
410  0 @120010@a百科世界丛书
606    @a花卉@x栽培@x青年读物
606    @a动物@x饲养管理@x青年读物
690    @aS68-49@v3
690    @aS815-49@v3
690    @aS68@v4
701  0 @a李礼@Ali li@4编著
801  2 @aCN@bHX@c20091028
905    @aBZT@dS68@e29
999    @tC@Axiuxia@a20040224 18:12:07@Ixiuxia@i20040224 18:12:09
    
    怡情的种养/李礼编著.-广州:广州出版社,1997
    125页;19cm.-(百科世界丛书)
    
    
    ISBN 7-80592-710-3:CNY8.15
    
●
相关链接 在五车中查询图书 在当当中查询图书 在豆瓣中查询图书


正题名:怡情的种养     索取号:S68/29         预约/预借

序号 登录号 条形码 馆藏地/架位号 状态 备注
1 420314   210049598   中心书库中库/ 中库032架A面3列4层52/ [索取号:S68/29] 在馆    
2 420315   210049614   中心书库中库/ 中库032架A面3列4层51/ [索取号:S68/29] 在馆    
3 420316   210049623   中心书库中库/ 中库032架A面3列4层53/ [索取号:S68/29] 在馆    
4 420317   210049641   中心书库中库/ 中库032架A面3列4层54/ [索取号:S68/29] 在馆    
5 420318   210049632   中心书库中库/ 中库032架A面3列4层55/ [索取号:S68/29] 在馆    
6 420319   210049669   中心书库中库/ 中库032架A面3列4层56/ [索取号:S68/29] 在馆    
7 420320   210049687   中心书库中库/ 中库032架A面3列4层57/ [索取号:S68/29] 在馆    
8 420321   210048152   中心书库中库/ 中库032架A面3列4层58/ [索取号:S68/29] 在馆    
9 420322   210048189   中心书库中库/ 中库032架A面3列4层60/ [索取号:S68/29] 在馆    
10 420323   210048170   中心书库中库/ 中库032架A面3列4层59/ [索取号:S68/29] 在馆    
山东省滨州职业学院图书馆 欢迎您!
大连网信软件有限公司© 版权所有